00661nam a2200157 a 450000100100000000500170001000800410002704000250006811001490009324500290024226000810027130000200035204900090037295201050038199900170048600002997120200930055942.0110428s1971 dr 000 0 spa d aDO-SdBNPbspacBNPHU2 aRepública DominicanabSecretaría de Estado de Educación, Bellas Artes y CultosbDirección General de Educación Física Escolar95670210aReglamento de balonmano. aSanto Domingo :bDirección General de Educación Física Escolar,c1971. a35 p. ;c15 cm. aBNPD 0010718PDaPDbPDcCTd2011-04-28iLF1l0o p29971-10r2020-06-25w2020-06-25yLFPDZNo se presta c29463d29463